000 00436pab a2200169 454500
008 180718b1996 xxu||||| |||| 00| 0 eng d
100 _aNageswara Rao, K.
245 _aNew industrial policy and industrial progress
260 _c1996
300 _ap.15-17
362 _aMar
650 _aIndustry and state - India
650 _aIndustrial policy
700 _aVenkateswar Raju, T.S.P.
773 _aKurukshetra
909 _a31266
999 _c31266
_d31266